000 00289nam a22001337a 4500
008 171124b xxu||||| |||| 00| 0 eng d
020 _a9781578660803
041 _aeng
080 _a94
100 _a16
101 _aHIS
245 _aLIFE'S IMPONDERABLES
_cFELDMAN, D
942 _2udc
_cBK
999 _c38478
_d38478